00923nam a2200229Ii 45000010005000000030009000050080041000140200014000550400033000690410008001020820016001101100090001262450153002162640029003693000012003983360026004103370028004363380027004649400050004919990017005419520135005584696CO-ViMGA241108s9999||||xx |||||||||||||| ||und|| a923025026 aCO-ViMGAbspaerdacCO-ViMGA0 aspa04a632.95 O73r1 aOrganización de las Naciones Unidas para la Agricultura y la Alimentación,94418110aResiduos de plaguicidas en los alimentos 1986 /cOrganización de las Naciones Unidas para la Agricultura y la Alimentación, Informe conjunto FAO 1aRoma, Italia : FAO, 1987 avolumen atextbtxt2rdacontent aunmediatedbn2rdamedia avolumebnc2rdacarrier aidficha_siabuc: 4577. -- ficha_no_siabuc:4696 c38632d38632 001040708001aMEVIGERRbMEVIGERRcGENd2006-11-27o632.95 O73rpECA3640r2024-11-25 15:05:24tEj.1w2024-11-25yBKz4577 | 6630